Modelovanie a analýza sania vzduchu v spaľovacom motore
Saved in:
| Main Author: | |
|---|---|
| Other Authors: | |
| Format: | Manuscript Book |
| Language: | Slovak |
| Published: |
Bratislava :
STU v Bratislave FEI,
2025
|
| Subjects: | |
| Online Access: | https://opac.crzp.sk/?fn=detailBiblioFormChildMIRP3&sid=BA75C2D62745AD5727E4939ED92F&seo=CRZP-detail-kniha |
| Tags: |
No Tags, Be the first to tag this record!
|
MARC
| LEADER | 00000ntm a22000003a 4500 | ||
|---|---|---|---|
| 001 | stuzp103810 | ||
| 003 | SK-STU | ||
| 005 | 20251104112330.5 | ||
| 007 | ta | ||
| 008 | 150427s2015----xo-----f-mn---000-0-slo-d | ||
| 040 | |a STU |b slo | ||
| 041 | 0 | |a slo | |
| 044 | |a xo | ||
| 100 | 1 | |a Szovics, Peter |u 030400 |4 aut |U FEI Fakulta elektrotechniky a informatiky |T FEI Ústav automobilovej mechatroniky |X 120653 |U E400 |Y 642 |7 120653 | |
| 242 | 0 | 1 | |a Analysis and experimental measurement of internal combustion engine intake manifold properties |y eng |
| 245 | 1 | 0 | |a Modelovanie a analýza sania vzduchu v spaľovacom motore |
| 260 | |a Bratislava : |b STU v Bratislave FEI, |c 2025 | ||
| 300 | |a 81 s. | ||
| 650 | 4 | |a sací systém |2 slo | |
| 650 | 4 | |a riadenie škrtiacej klapky |2 slo | |
| 650 | 4 | |a snímač prietoku vzduchu |2 slo | |
| 650 | 4 | |a kalibrácia snímača |2 slo | |
| 650 | 4 | |a meranie prietoku vzduchu |2 slo | |
| 650 | 4 | |a automobilová diagnostika |2 slo | |
| 650 | 4 | |a experimentálny model |2 slo | |
| 650 | 4 | |a dynamika prúdenia vzduchu |2 slo | |
| 650 | 4 | |a parametre sacieho systému |2 slo | |
| 650 | 4 | |a air intake system |2 eng | |
| 650 | 4 | |a throttle control |2 eng | |
| 650 | 4 | |a mass air flow sensor |2 eng | |
| 650 | 4 | |a sensor calibration |2 eng | |
| 650 | 4 | |a airflow measurement |2 eng | |
| 650 | 4 | |a automotive diagnostics |2 eng | |
| 650 | 4 | |a experimental model |2 eng | |
| 650 | 4 | |a air flow dynamics |2 eng | |
| 650 | 4 | |a intake parameters |2 eng | |
| 700 | 1 | |a Gálik, Gabriel |u 030400 |k Z2 |4 ths |U FEI Fakulta elektrotechniky a informatiky |T FEI Ústav automobilovej mechatroniky |X 55772 |U E400 |Y 642 |7 A000055772 | |
| 856 | 4 | |u https://opac.crzp.sk/?fn=detailBiblioFormChildMIRP3&sid=BA75C2D62745AD5727E4939ED92F&seo=CRZP-detail-kniha | |